000
00302nam a2200121Ia 4500
008
191201s2019 xx 000 0 und d
100
_a
SINGH, Harvinder
245
0
_a
Engineering Drawing & Computer Graphics
250
_a
5th Rep
260
_b
DHANPAT RAI
_a
NEW DELHI
300
_a
518
942
_2
ddc
_c
BK
999
_c
8171
_d
8171